Detalles MARC
| 000 -ENCABEZADO |
| Número de control [NR] |
03287nam a22004337i 4500 |
| 001 - NÚMERO DE CONTROL |
| control field |
B-11752 |
| 003 - IDENTIFICADOR DE CONTROL NÚMERO |
| control field |
CO-BoFNCP |
| 007 - CAMPO DESCRIPCIÓN FÍSICA FIJA - INFORMACIÓN GENERAL |
| fixed length control field |
t|| |
| 008 - DE LONGITUD FIJA DE DATOS DE ELEMENTOS - INFORMACIÓN GENERAL |
| Elementos de longitud fija [NR] |
090305s2008 ck r spa d |
| 040 ## - FUENTE DE CATALOGACION [NR] |
| Agencia de catalogación original [NR] |
CO-BoFNCP |
| Idioma de catalogación [NR] |
Español |
| Quien Cataloga |
CO-BoFNCP |
| Convenciones de la descripción [NR] |
rda |
| 041 ## - CODIGO DE IDIOMA [R] |
| Código de idioma para texto/pista de sonido o título separado [R] |
Español |
| 043 ## - CODIGO DE AREA GEOGRAFICA [NR] |
| Código de área geográfica [R] |
ck |
| 084 ## - OTRO NUMERO DE CLASIFICACION [R] |
| Número clasificador [R] |
A- |
| 100 1# - ASIENTO PRINCIPAL--NOMBRE PERSONAL [NR] |
| Nombre personal [NR] |
Martínez L., Gerardo |
| ID Autoridad |
33358, |
| Término relacionador [R] |
autor. |
| Relator code |
aut |
| 245 10 - MENCION DE TITULO [NR] |
| Título [NR] |
Microorganismos asociados a la Pudrición del cogollo de la palma de aceite y su inoculación en palmas de vivero. |
| 246 2# - FORMA VARIANTE DEL TITULO [R] |
| Título propiamente dicho/forma breve del título [NR] |
Microorganisms associated with bud rot in oil palm and their inoculation in nursery palms |
| 264 #4 - PRODUCCIÓN, PUBLICACIÓN, DISTRIBUCIÓN, FABRICACIÓN Y COPYRIGHT |
| Fecha de producción, publicación, distribución, fabricación o copyright |
©2008 |
| 300 ## - DESCRIPCION FISICA [R] |
| Extensión [R] |
páginas 19-30 : |
| Otros detalles físicos [NR] |
Tablas, fotografías. |
| 336 ## - TIPO DE CONTENIDO |
| Término de tipo de contenido |
texto |
| Código de tipo de contenido |
txt |
| Fuente |
rdacontent |
| 337 ## - TIPO DE MEDIO |
| Nombre/término del tipo de medio |
sin mediación |
| Código del tipo de medio |
n |
| Fuente |
rdamedia |
| 338 ## - TIPO DE SOPORTE |
| Nombre/término del tipo de soporte |
volumen |
| Código del tipo de soporte |
nc |
| Fuente |
rdacarrier |
| 500 ## - NOTA GENERAL [R] |
| Nota general [NR] |
Contiene resumen en español e inglés. |
| 504 ## - NOTA DE BIBLIOGRAFIA, ETC. [R] |
| Nota de bibliografía, etc. [NR] |
Incluye 36 referencias bibliográficas. |
| 520 ## - NOTA DE RESUMEN, ETC. [R] |
| Nota de sumario, etc. [NR] |
En el estudio de los posibles microorganismos asociados con la Pudrición del cogollo (PC) de la Palma de aceite en Colombia, se procedió a aislar, identificar, purificar, desarrollar en medios artificiales y adelantar pruebas de patogenicidad con los agentes que, de acuerdo con la literatura y la experiencia de los investigadores, podrían tener mayores probabilidades de causar la enfermedad. Estos condujeron a descartar como responsables de la PC a Fusarium spp., Colletotrichum sp., Pestalotia sp., Rhizoctonia sp., Thielaviopsis sp., Nigrosposa sp., Curvularia sp., Alternaria spp., Helminthosporium spp., Diplodia sp. o Lasiodiplodia sp., así como a las bacterias de los géneros Erwinia y Pseudomonas, todos ellos encontrados frecuentemente en estados avanzados de desarrollo de la enfermedad. Los síntomas de la enfermedad no pudieron ser reproducidos en las inoculaciones de palmas con los diferentes aislamientos de estos hongos o bacterias. |
| 520 ## - NOTA DE RESUMEN, ETC. [R] |
| Nota de sumario, etc. [NR] |
In the study of the microorganisms associated with he bud rot (PC) disease of the oil palm in Colombia, it was possible to isolate, identify, purify, growth in artificial media and develop pathogenicity test of the different agents that according with the literature and the experience of the research team might be associated with the disease. These studies indicated that the PC is not started by Fusarium sp., Colletotrichum sp., Pestalotia sp., Rhizoctonia sp., Thielaviopsis sp., Nigrosposa sp., Curvularia sp., Alternaria spp., Helminthosporium spp., Diplodia sp. o Lasiodiplodia sp., as well as with bacteria of the genus Erwinia or Pseudomonas, all of them observed frequently in advanced stages of the disease. The symptoms of the disease were not reproduced when oil palms were inoculated with different isolates of these fungi or bacteria. |
| 650 #0 - ASIENTO SECUNDARIO DE MATERIA - TERMINO TEMATICO [R] |
| Término temático o nombre geográfico como elemento de entrada [NR] |
Phytophthora. |
| 9 (RLIN) |
20315 |
| 650 #0 - ASIENTO SECUNDARIO DE MATERIA - TERMINO TEMATICO [R] |
| Término temático o nombre geográfico como elemento de entrada [NR] |
Pudrición del cogollo |
| 9 (RLIN) |
30852. |
| 650 #0 - ASIENTO SECUNDARIO DE MATERIA - TERMINO TEMATICO [R] |
| Término temático o nombre geográfico como elemento de entrada [NR] |
Palma de aceite |
| 9 (RLIN) |
37678. |
| 700 1# - ASIENTO SECUNDARIO - NOMBRE PERSONAL [R] |
| Nombre personal [NR] |
Ariza, Josué G. |
| 9 (RLIN) |
41327. |
| 700 1# - ASIENTO SECUNDARIO - NOMBRE PERSONAL [R] |
| Nombre personal [NR] |
Aya, Héctor A. |
| 9 (RLIN) |
41328. |
| 700 1# - ASIENTO SECUNDARIO - NOMBRE PERSONAL [R] |
| Nombre personal [NR] |
Rodríguez, Jessica |
| 9 (RLIN) |
41329. |
| 700 1# - ASIENTO SECUNDARIO - NOMBRE PERSONAL [R] |
| Nombre personal [NR] |
Sarria, Greicy A. |
| 9 (RLIN) |
41330. |
| 700 1# - ASIENTO SECUNDARIO - NOMBRE PERSONAL [R] |
| Nombre personal [NR] |
Torres, Gabriel A. |
| 9 (RLIN) |
41331. |
| 700 1# - ASIENTO SECUNDARIO - NOMBRE PERSONAL [R] |
| Nombre personal [NR] |
Varón, Francia |
| 9 (RLIN) |
41332. |
| 700 1# - ASIENTO SECUNDARIO - NOMBRE PERSONAL [R] |
| Nombre personal [NR] |
Vélez, Diana C. |
| 9 (RLIN) |
41333. |
| 773 0# - ASIENTO DEL ITEM FUENTE [R] |
| Asiento principal [NR] |
Palmas (Colombia) |
| Información sobre la relación [R] |
v. 29, no. 3 Edición especial (2008), p.19-30 |
| Número de control del registro [R] |
A- |
| Número Internacional Normalizado para Publicaciones Seriadas - ISSN [NR] |
0121-2923 |
| 942 ## - ELEMENTOS DE ENTRADA AGREGADOS (KOHA) |
| Sistema de clasificación |
Local |
| Tipo de ítem principal el descrito en 300a |
Artículo |
| 999 ## - NÚMEROS DE SISTEMAS DE CONTROL (KOHA) |
| Koha biblionumber |
26517 |